00480nam a2200181 a 4500001001300000003000900013005001700022008004100039020001000080082001700090100002600107245004800133260003300181300000800214500003500222650001500257700002600272nice12345678IN_TiNIC20260116012045.0070702s2000 laha grp 000 0 urd  ac10000a297.86bALI3 aAli, Maulana Mohammad aIslam Aur Digar Mazahib Ya Falsafa-E-mazhab aLahore bNo Publisher c2000 a32p aincludes index and biblioraphy aAhmadiyyah1 aAli, Maulana Mohammad